Puentes: Spanish for intensive and high-beginner courses: instructor's annotated edition

Guardat en:
Dades bibliogràfiques
Autors principals: Marinelli, Patti J. (autora), Mujica Laughlin, Lizette (Autor)
Format: Llibre
Idioma:espanyol
anglès
Publicat: Boston Heinle and Heinle Publishers 1994
Matèries:
Etiquetes: Afegir etiqueta
Sense etiquetes, Sigues el primer a etiquetar aquest registre!

MARC

LEADER 00000cam a2200000 a 4500
001 UCG9480
003 CL-VaPUC
008 120316e19940000US |||||||||||||||||spa|d
020 |a 083844296X 
041 0 7 |a spa  |2 CL-VaPUC 
041 0 7 |a eng  |2 CL-VaPUC 
082 0 4 |a 468.2421  |b MAR  |2 21 
100 |a Marinelli, Patti J.  |e autora  |9 561058 
700 0 |a Mujica Laughlin, Lizette  |e author  |9 561059 
245 1 0 |a Puentes: Spanish for intensive and high-beginner courses: instructor's annotated edition 
300 |a 372 p 
942 |c BK 
945 |d 20120316 00:00:00  |a dcastane 
260 |a Boston  |b Heinle and Heinle Publishers  |c 1994 
650 0 |a Idioma español  |9 309143 
650 7 |a TEXTOS DE ESTUDIOS  |2 CL-VaPUC  |9 543697 
650 0 |a Inglés  |9 260023 
650 0 |a Métodos de enseñanza  |9 270413 
583 |a last modification  |c 20120316 11:38:00  |k Rodrigo Vera 
999 |c 347032  |d 347030 
952 |0 0  |1 0  |4 0  |6 468_242100000000000_MAR_1994  |7 0  |8 A  |9 448102  |a BIBEDU  |b BIBEDU  |d 2019-11-22  |i 4842367  |o 468.2421 MAR 1994  |p 4842367  |r 2019-11-22  |w 2019-11-22  |y BK  |k LIT